000 00970nam a22003490a 4500
001 PT58821
003 AR-LpoUNG
005 20210131231903.0
008 191001s2013||||ag |||||||||||||||||spa d
020 _a9789500426398
_c$26
040 _aAR-LpoUNG
_bspa
_cAR-LpoUNG
_eaacr
041 _aspa
044 _aag
082 0 _a808.068 3 419ing
100 1 _aCervantes Saavedra, Miguel de
245 1 3 _aEl ingenioso hidalgo Don Quijote de la Mancha
250 _a5ta. ed.
260 _aBuenos Aires :
_bEmecé,
_c2013.
300 _a223 p. :
_bil.
505 0 _aSugerido a partir de 14 años (etiqueta VERDE)
650 4 _aESPAÑA
650 4 _aLITERATURA
650 4 _aNOVELAS
651 4 _aDOCUMENTOS TEORICOS O METODOLOGICOS
653 _aLITERATURA ESPAÑOLA
653 _aLITERATURA INFANTOJUVENIL
653 _aSIGLO DE ORO
700 1 _aDurini, Ángeles
_eadap.
700 1 _aJeanmaire, Federico
_eadap.
905 _a58821
942 _cLIB
999 _c12430
_d12430